000 01225cab a22002655a 4500
001 L144220
008 080704s2008 xxko f 000 0 eng d
035 _a(Sirsi) u144220
041 0 _aeng
100 1 _aPett, David
245 0 0 _aMaking HIPs work for you
260 _c2008
490 _aSolicitors Journal
_vJune 2008, 4-8(3)
520 _aDiscusses the introduction of Home Information Packs (HIPS) from the perspective of one solicitor, providing general commentary and advice for those involved in conveyancing. Discusses transitional arrangements for HIPs; HIPS for new build properties and possible routes for the development of HIPs and HIP provision in future.
590 _aKA
650 2 4 _aHOME INFORMATION PACKS
650 2 4 _aHOME INFORMATION PACK (NO. 2) REGULATIONS 2007
650 2 4 _aHOUSING ACT 2004 (COMMENCEMENT NO. 10) (ENGLAND AND WALES) ORDER 2007
650 2 4 _aHOUSING ACT 2004 (COMMENCEMENT NO. 11) (ENGLAND AND WALES) ORDER 2008
650 2 4 _aENERGY PERFORMANCE CERTIFICATES
650 2 4 _aCODE FOR SUSTAINABLE HOMES
651 4 _aEngland and Wales
_y1543-
690 _aPROPERTY-RESIDENTIAL PROPERTY-ACQUISITION AND DISPOSAL OF RESIDENTIAL PROPERTY-HOME BUYING REFORM
942 _n0
999 _c80396
_d80396